| 000 | 00844nam a22002897a 4500 | ||
|---|---|---|---|
| 001 | 5197 | ||
| 003 | FISKH | ||
| 005 | 20250519150030.0 | ||
| 008 | 241119b cb ||||| |||| 00| 0 eng d | ||
| 020 | _a9780811854078 | ||
| 040 |
_aFISKH _beng _cFISKH _dFISKH |
||
| 050 | _aTL235.S56 | ||
| 082 | _a629.225 | ||
| 100 |
_aSimon, Seymour _d(1931-) |
||
| 245 |
_aEmergency vechicles / _cSeymour Simon |
||
| 250 | _a2006 | ||
| 260 |
_aVancouver : _bChronicle, _c2006. |
||
| 300 |
_a31 pages : _bColor illustrations ; _c23 cm |
||
| 505 | _aD | ||
| 520 | _aDiscusses the vehicles and devices used by fire fighters, police, Coast Guard, and others who help save lives. | ||
| 521 | 8 |
_a240
_blexile |
|
| 521 | 8 |
_aD
_bRaz-Plus |
|
| 650 |
_2Non-fiction _aVehicles |
||
| 650 | _2Emergency vehicles | ||
| 942 |
_2ddc _cBK _n0 |
||
| 999 |
_c5197 _d5197 |
||